Fluidized bed combustion. (Record no. 1625)

000 -LEADER
fixed length control field 00856nam a2200265 a 4500
001 - CONTROL NUMBER
control field 1625
003 - CONTROL NUMBER IDENTIFIER
control field BD-DhUET
008 - FIXED-LENGTH DATA ELEMENTS--GENERAL INFORMATION
fixed length control field 040108s2004 nyua b 001 0 eng d
020 ## - INTERNATIONAL STANDARD BOOK NUMBER
International Standard Book Number 0824746996
020 ## - INTERNATIONAL STANDARD BOOK NUMBER
International Standard Book Number 9780824746995
040 ## - CATALOGING SOURCE
Original cataloging agency GAT
Transcribing agency GAT
Modifying agency BD-DhUET
082 00 - DEWEY DECIMAL CLASSIFICATION NUMBER
Classification number 621.4023
Item number OKA/2004
100 1# - MAIN ENTRY--PERSONAL NAME
Personal name Oka, S.
245 10 - TITLE STATEMENT
Title Fluidized bed combustion.
Statement of responsibility, etc. by Simeon N. Oka and E. J. Anthony .
250 ## - EDITION STATEMENT
Edition statement 1st ed.
260 ## - PUBLICATION, DISTRIBUTION, ETC. (IMPRINT)
Place of publication, distribution, etc. New York
Name of publisher, distributor, etc. Marcel Dekker.
Date of publication, distribution, etc. 2004.
300 ## - PHYSICAL DESCRIPTION
Extent xvii, 590 p. :
Other physical details ill. ;
Dimensions 24 cm.
490 1# - SERIES STATEMENT
Series statement Mechanical engineering ;
500 ## - GENERAL NOTE
General note Original version published in Yugoslavia in 1994 by Yugoslav Society of Thermal Engineers.
504 ## - BIBLIOGRAPHY, ETC. NOTE
Bibliography, etc Includes bibliographies.
650 #0 - SUBJECT ADDED ENTRY--TOPICAL TERM
Topical term or geographic name as entry element Fluidized-bed combustion.
700 1# - ADDED ENTRY--PERSONAL NAME
Personal name Anthony, E. J.
942 ## - ADDED ENTRY ELEMENTS (KOHA)
Koha item type General Book
856 42 - ELECTRONIC LOCATION AND ACCESS
Uniform Resource Identifier http://www.loc.gov/catdir/enhancements/fy0647/2004296029-d.html
Holdings
Shelving location Koha normalized classification for sorting Date acquired Not for loan Koha date last seen Price effective from Piece designation (barcode) Lost status Koha full call number Location (home branch) Copy number Withdrawn status Koha item type Sublocation or collection (holding branch) Source of classification or shelving scheme Damaged status
Circulation section621_000000000000000_4023OKA2002014-09-09 2014-09-092014-09-09106310 621.4023/OKA/2004Central Library, BUET1 General BookCentral Library, BUET  
Circulation section621_000000000000000_4023OKA2002014-09-09 2014-09-092014-09-09106311 621.4023/OKA/2004Central Library, BUET2 General BookCentral Library, BUET